History Quiz

Random History or Country Quiz

Artists' Birth Countries Quiz Stats

 Plays Quiz Updated Jul 13, 2016

Challenge
Share
Tweet
Embed
Score 0/34 Timer 09:00
1 Play Today
Artist's Name Country of Birth % Correct
Leonardo da VinciRepublic of Florence
98.8%
Shen ZhouChina
94.5%
Claude MonetFrance
88%
Albrecht DurerHoly Roman Empire
84.3%
William BlakeGreat Britian
79.6%
Katsushika HokusaiJapan
79.5%
Pablo PicassoSpain
78.1%
Yoko OnoJapan
77.5%
Jeong SeonKorea
75.3%
Andy WarholUnited States of America
75%
Vincent van GoghNetherlands
72.8%
El GrecoOttoman Empire
72.4%
Salvador DalĂ­Spain
70.7%
Vassily KandinskyRussian Empire
69.3%
Francis BaconUnited Kingdom
65.9%
Camille ClaudelFrance
57.2%
Frida KahloMexico
54.6%
Artist's Name Country of Birth % Correct
Mary CassattUnited States of America
53.9%
Edvard MunchUnion between Sweden and Norway
43.5%
Kathe KollwitzGermany
43.1%
Peter Paul RubensHoly Roman Empire
42.9%
Gustav KlimtAustrian Empire
42.5%
Tom ThomsonCanada
28.2%
Piet MondrianNetherlands
26.2%
Tarsila do AmaralBrazil
25.1%
Norman LindsayAustralia
21.2%
Marc ChagallRussian Empire (Belarus)
20.9%
Angelica KauffmannSwitzerland
20.7%
Hassan FathyEgypt
17.8%
Alberto GiacomettiSwitzerland
17.4%
Alphonse MuchaCzechoslovakia
9.7%
Mona HatoumLebanon
6.1%
Ana MendietaCuba
5.6%
Amrita Sher-GilHungary
3%

You're not logged in!

Compare scores with friends on all Sporcle quizzes.
OR
Log In

You Might Also Like...

Show Comments

Extras

Top Quizzes Today


Score Distribution

Your Account Isn't Verified!

In order to create a playlist on Sporcle, you need to verify the email address you used during registration. Go to your Sporcle Settings to finish the process.

Report this User

Report this user for behavior that violates our Community Guidelines.

Details: